|
|
|
|
| LEADER |
00000nab a2200000ua 4500 |
| 001 |
vtls010824092 |
| 003 |
SK-MaSNL |
| 005 |
20260303153556.0 |
| 008 |
230222s2012 xo |||||||||||||||||eng| |
| 035 |
|
|
|a (urnnbn)urn:nbn:sk:snk:ar-a064ox
|
| 035 |
|
|
|a urn:nbn:sk:snk-ab5qoz
|
| 035 |
|
|
|a (uuid)a04b9525-66b2-43ff-994a-16ecb94b2e77
|
| 040 |
|
|
|a SNKBUCL
|b slo
|c SNKBUCL
|e AACR2
|
| 041 |
0 |
|
|a eng
|
| 044 |
|
|
|a xo
|c SK
|
| 100 |
1 |
|
|a Panayitou, A.
|4 aut
|9 1175449
|
| 245 |
1 |
0 |
|a Comminuted fracture of scapula
|c A. Panayitou, L. Litsa, N. Vasouris, R. Kadlečík
|
| 700 |
1 |
|
|a Litsa, L.
|4 aut
|9 1175450
|
| 700 |
1 |
|
|a Vasouris, N.
|4 aut
|9 1175374
|
| 700 |
1 |
|
|a Kadlečík, R.
|4 aut
|9 1175009
|
| 773 |
0 |
|
|t Slovenská rádiológia
|g Roč. 19, č. 1 (2012), s. [44]-46
|
| 958 |
|
|
|a OND
|
| 958 |
|
|
|a EUIPO
|
| 958 |
|
|
|a article5
|
| 999 |
|
|
|c 2029331
|d 2031261
|